| 000 | 00495pab a2200193 454500 | ||
|---|---|---|---|
| 008 | 180718b2011 xxu||||| |||| 00| 0 eng d | ||
| 100 | _aArgitis, Georgios | ||
| 245 | _aFinance, inflation and employment: A post-Keynesian/Kaleckian analysis | ||
| 260 | _c2011 | ||
| 300 | _ap.1015-1033. | ||
| 362 | _aNov | ||
| 650 | _aInflation | ||
| 650 | _aFinance | ||
| 650 | _aEmployment | ||
| 700 | _aDafermos, Yannis | ||
| 773 | _aCambridge Journal of Economics | ||
| 908 | _aN | ||
| 909 | _a93555 | ||
| 999 |
_c93555 _d93555 |
||